000 01200nam a2200313 a 4500
001 BRL_518
005 20190320210759.0
008 270813s1989----mx-a######---#000-0#eng-#
041 _aengspa
044 _amx
050 4 _aND253
_b.G37 1989
100 1 _aGarcía Sáiz, María Concepción
_93999
245 1 0 _aLas castas mexicanas
_bun género pictórico americano = The Castes : A Genre of Mexican Painting
_cMaría Concepción García Sáiz ; prólogos de Diego Angula Iñiguez, Roberto Moreno de los Arcos, Miguel Ángel Fernández.
260 _a[Italia]
_bOlivetti
_c1989
300 _a253 p.
_bil.
_c31 cm.
500 _aCatálogo de la exposición realizada en el Museo de Monterrey (México), 1989
500 _aAu557
504 _aBibliografía : p. 253
546 _aTexto en : inglés y español
650 1 4 _aPintura mexicana
_xCatálogos
_93239
650 1 4 _aPintura colonial
_xCatálogos
_zMéxico
_93240
650 1 4 _aRazas
_zMéxico
_94278
700 1 _aAngula Iñiguez, Diego
_924167
700 1 _aMoreno de los Arcos, Roberto
_924168
700 1 _aFernández, Miguel Ángel
_924169
740 0 _aThe Castes : A Genre of Mexican Painting
902 _aGRL
942 _2lcc
_cB
999 _c9330
_d9330